000 00330nam a22001457a 4500
008 221103b ||||| |||| 00| 0 eng d
020 _a9780470547816
041 _aeng
080 _2second edition
_a339
082 _a339
100 _a23
101 _amar
245 _aTHE NEW RULES OF MARKETING
_cSCOBLE R
942 _2udc
_cBK
999 _c58723
_d58723